<?xml version="1.0" encoding="UTF-8"?>
<collection xmlns="http://www.loc.gov/MARC21/slim">
 <record>
  <leader>01709nam a2200301 a 4500</leader>
  <controlfield tag="001">7255</controlfield>
  <controlfield tag="003">BD-DhAAL</controlfield>
  <controlfield tag="008">091230s2000    bg ab    b    001 0 eng d</controlfield>
  <datafield tag="010" ind1=" " ind2=" ">
   <subfield code="a">\\\00440699 </subfield>
  </datafield>
  <datafield tag="020" ind1=" " ind2=" ">
   <subfield code="a">9840515373</subfield>
  </datafield>
  <datafield tag="040" ind1=" " ind2=" ">
   <subfield code="a">DLC</subfield>
   <subfield code="c">DLC</subfield>
   <subfield code="d">DLC</subfield>
   <subfield code="d">BD-DhAAL</subfield>
  </datafield>
  <datafield tag="082" ind1="0" ind2="0">
   <subfield code="a">307.24095492</subfield>
  </datafield>
  <datafield tag="100" ind1="1" ind2=" ">
   <subfield code="a">Afsar, Rita.</subfield>
   <subfield code="9">39751</subfield>
  </datafield>
  <datafield tag="245" ind1="1" ind2="0">
   <subfield code="a">Rural-urban migration in Bangladesh :</subfield>
   <subfield code="b">causes, consequences, and challenges /</subfield>
   <subfield code="c">Rita Afsar.</subfield>
  </datafield>
  <datafield tag="264" ind1=" " ind2=" ">
   <subfield code="a">Dhaka :</subfield>
   <subfield code="b">University Press Limited,</subfield>
   <subfield code="c">2000.</subfield>
  </datafield>
  <datafield tag="300" ind1=" " ind2=" ">
   <subfield code="a">xxvi, 290 pages :</subfield>
   <subfield code="b">illustrations, maps ;</subfield>
   <subfield code="c">22 cm.</subfield>
  </datafield>
  <datafield tag="504" ind1=" " ind2=" ">
   <subfield code="a">Includes bibliographical references (pages 257]-278) and index.</subfield>
  </datafield>
  <datafield tag="541" ind1="1" ind2=" ">
   <subfield code="a">BRAC University, The University Press Limited</subfield>
   <subfield code="e">7255, 7653, 17028</subfield>
  </datafield>
  <datafield tag="650" ind1=" " ind2="0">
   <subfield code="a">Rural-urban migration</subfield>
   <subfield code="z">Bangladesh.</subfield>
   <subfield code="9">53473</subfield>
  </datafield>
  <datafield tag="651" ind1=" " ind2="0">
   <subfield code="a">Bangladesh</subfield>
   <subfield code="x">Social conditions.</subfield>
  </datafield>
  <datafield tag="651" ind1=" " ind2="0">
   <subfield code="a">Bangladesh</subfield>
   <subfield code="x">Economic conditions.</subfield>
  </datafield>
  <datafield tag="852" ind1="4" ind2=" ">
   <subfield code="a">Ayesha Abed Library</subfield>
   <subfield code="c">General Stacks</subfield>
  </datafield>
  <datafield tag="942" ind1=" " ind2=" ">
   <subfield code="2">ddc</subfield>
   <subfield code="c">BK</subfield>
  </datafield>
  <datafield tag="999" ind1=" " ind2=" ">
   <subfield code="c">6542</subfield>
   <subfield code="d">6542</subfield>
  </datafield>
  <datafield tag="952" ind1=" " ind2=" ">
   <subfield code="0">0</subfield>
   <subfield code="1">0</subfield>
   <subfield code="2">ddc</subfield>
   <subfield code="4">0</subfield>
   <subfield code="6">307_240954920000000_AFS_2000</subfield>
   <subfield code="7">0</subfield>
   <subfield code="9">6647</subfield>
   <subfield code="a">BRACUL</subfield>
   <subfield code="b">BRACUL</subfield>
   <subfield code="c">GEN</subfield>
   <subfield code="d">2009-12-30</subfield>
   <subfield code="g">385.00</subfield>
   <subfield code="l">6</subfield>
   <subfield code="m">5</subfield>
   <subfield code="o">307.24095492 AFS</subfield>
   <subfield code="p">3010007653</subfield>
   <subfield code="r">2019-01-07</subfield>
   <subfield code="s">2018-09-04</subfield>
   <subfield code="t">2</subfield>
   <subfield code="v">770.00</subfield>
   <subfield code="w">2009-12-30</subfield>
   <subfield code="y">BK</subfield>
  </datafield>
  <datafield tag="952" ind1=" " ind2=" ">
   <subfield code="0">0</subfield>
   <subfield code="1">0</subfield>
   <subfield code="2">ddc</subfield>
   <subfield code="4">0</subfield>
   <subfield code="6">307_240954920000000_AFS</subfield>
   <subfield code="7">0</subfield>
   <subfield code="9">17103</subfield>
   <subfield code="a">BIGD</subfield>
   <subfield code="b">BIGD</subfield>
   <subfield code="c">GEN</subfield>
   <subfield code="d">2011-06-06</subfield>
   <subfield code="e">Badhan Books</subfield>
   <subfield code="g">385.00</subfield>
   <subfield code="l">0</subfield>
   <subfield code="o">307.24095492 AFS</subfield>
   <subfield code="p">3050023040</subfield>
   <subfield code="r">2011-06-06</subfield>
   <subfield code="t">4</subfield>
   <subfield code="w">2011-06-06</subfield>
   <subfield code="y">BK</subfield>
   <subfield code="x">Transferred from BDI to BIGD.</subfield>
  </datafield>
  <datafield tag="952" ind1=" " ind2=" ">
   <subfield code="0">0</subfield>
   <subfield code="1">0</subfield>
   <subfield code="2">ddc</subfield>
   <subfield code="4">0</subfield>
   <subfield code="6">307_240954920000000_AFS</subfield>
   <subfield code="7">0</subfield>
   <subfield code="9">43633</subfield>
   <subfield code="a">SCL</subfield>
   <subfield code="b">SCL</subfield>
   <subfield code="c">GEN</subfield>
   <subfield code="d">2010-03-24</subfield>
   <subfield code="g">288.00</subfield>
   <subfield code="l">1</subfield>
   <subfield code="m">1</subfield>
   <subfield code="o">307.24095492 AFS</subfield>
   <subfield code="p">3020007255</subfield>
   <subfield code="r">2017-03-27</subfield>
   <subfield code="s">2017-03-15</subfield>
   <subfield code="t">1</subfield>
   <subfield code="w">2014-09-01</subfield>
   <subfield code="y">BK</subfield>
  </datafield>
  <datafield tag="952" ind1=" " ind2=" ">
   <subfield code="0">0</subfield>
   <subfield code="1">0</subfield>
   <subfield code="2">ddc</subfield>
   <subfield code="4">0</subfield>
   <subfield code="6">307_240954920000000_AFS</subfield>
   <subfield code="7">0</subfield>
   <subfield code="9">75594</subfield>
   <subfield code="a">BRACUL</subfield>
   <subfield code="b">BRACUL</subfield>
   <subfield code="c">GEN</subfield>
   <subfield code="d">2024-06-04</subfield>
   <subfield code="e">The University Press Limited</subfield>
   <subfield code="g">385.00</subfield>
   <subfield code="l">0</subfield>
   <subfield code="o">307.24095492 AFS</subfield>
   <subfield code="p">3010017028</subfield>
   <subfield code="r">2024-06-04</subfield>
   <subfield code="t">3</subfield>
   <subfield code="w">2024-06-04</subfield>
   <subfield code="y">BK</subfield>
  </datafield>
 </record>
</collection>
